<?xml version="1.0" encoding="UTF-8"?>
<record
    xmlns:xsi="http://www.w3.org/2001/XMLSchema-instance"
    xsi:schemaLocation="http://www.loc.gov/MARC21/slim http://www.loc.gov/standards/marcxml/schema/MARC21slim.xsd"
    xmlns="http://www.loc.gov/MARC21/slim">

  <leader>04073nam a22002897a 4500</leader>
  <controlfield tag="003">OSt</controlfield>
  <controlfield tag="005">20231017181052.0</controlfield>
  <controlfield tag="008">231017b           ||||| |||| 00| 0 spa d</controlfield>
  <datafield tag="040" ind1=" " ind2=" ">
    <subfield code="c">CO-MqBPB</subfield>
  </datafield>
  <datafield tag="041" ind1=" " ind2=" ">
    <subfield code="a">spa</subfield>
  </datafield>
  <datafield tag="082" ind1=" " ind2=" ">
    <subfield code="a">860.325</subfield>
    <subfield code="b">A73p</subfield>
  </datafield>
  <datafield tag="100" ind1=" " ind2=" ">
    <subfield code="a">Ariza, Patricia, </subfield>
    <subfield code="d">1946- </subfield>
  </datafield>
  <datafield tag="245" ind1=" " ind2=" ">
    <subfield code="a"> Proyecto de Arte Participativo de integraci&#xF3;n ciudadana; lectura de poemas / </subfield>
    <subfield code="c">Patricia Ariza </subfield>
  </datafield>
  <datafield tag="260" ind1=" " ind2=" ">
    <subfield code="a">Bogot&#xE1;;</subfield>
    <subfield code="b">Casa de Poes&#xED;a Silva;</subfield>
    <subfield code="c">1995</subfield>
  </datafield>
  <datafield tag="300" ind1=" " ind2=" ">
    <subfield code="a">1 compact disc son. </subfield>
    <subfield code="b">(40 min.) : digital ; </subfield>
    <subfield code="c">12 cm.</subfield>
  </datafield>
  <datafield tag="490" ind1=" " ind2=" ">
    <subfield code="a">Voces para el tiempo</subfield>
  </datafield>
  <datafield tag="500" ind1=" " ind2=" ">
    <subfield code="a">Conferencia realizada el 16 de diciembre de 1995.</subfield>
  </datafield>
  <datafield tag="505" ind1=" " ind2=" ">
    <subfield code="a">Anuncio / N.N. (1:13 min.) ; Mi nombre es Patricia (1:17 min.) ; Mi casa (0:50 min.) ; Muerte (0:10 min.) ; A Poe (0:09 min.) ; Diario de viaje (0:11 min.) ; A Emily Dickinson (0:18 min.) ; Los intereses (1:02 min.) ; Nueve mil&#xED;metros (0:19 min.) ; De tu ombligo (0:16 min.) ; Brillo (0:21 min.) ; El le&#xF3;n (0:27 min.) ; un tigre sale (0:08 min.) ; Por si se te ocurre (0:09 min.) ; Me encanta el olor a ... (0:11 min.) ; Poema &#xF1;ero (0:37 min.) ; Tal vez desde ahora (0:27 min.) ; Viento (0:19 min.) / Patricia Ariza ; (Introducci&#xF3;n a su lectura) (0:24 min.) ; Como pez en las nubes (0:56 min.) ; Nocturno del poeta (0:51 min.) ; Nocturno I (0:42 min.) ; Viejo barrio (0:49 min.) ; Chorro de Quevedo (1:06 min.) ; Nav&#xED;os del siglo 15 (0:49 min.) ; En una ciudad como azotea (0:51 min.) ; Hombres de la calle nueve, a cualquier hora (1:04 min.) ; Variaciones sobre el cuarto (0:38 min.) ; La noche y los bares tambi&#xE9;n contiene a los bellacos (0:53 min.) ; Ermita&#xF1;o (1:07 min.) / Carlos Alberto Troncoso
Aviones (0:31 min.) ; Miedo (0:11 min.) ; A tiempo (0:12 min.) ; Patio (0:15 min.) ; Julio 20 (0:18 min.) ; Partida 2 (0:36 min.) ; Cifra (0:16 min.) ; Pormenores (0:20 min.) ; Hombre de prisa (0:31 min.) ; Indefensa (0:20 min.) ; Atajo (0:09 min.) ; Hoteles y sanatorios (0:41 min.) ; Debajo de la ropa (0:14 min.) ; Medell&#xED;n junio de 1995 (0:20 min.) ; Ma&#xF1;ana (0:13 min.) ; Inquilino (0:15 min.) ; En silencio (3:15 min.) / Mery Yolanda S&#xE1;nchez ; Santaf&#xE9; de Bogot&#xE1; (1:00 min.) ; Monserrate (0:30 min.) ; N.N. (0:46 min.) ; Piel ceniza, a Santaf&#xE9; de Bogot&#xE1; (1:06 min.) ; Tiempo de silencios (0:38 min.) ; Profec&#xED;a (1:10 min.) ; Desamor (0:22 min.) ; Desencanto (0:22 min.) ; Libro abierto (0:30 min.) ; Nefasta creaci&#xF3;n (0:20 min.) ; Ayer (0:27 min.) ; Dolencias (0:24 min.) ; Canto primero (0:24 min.) ; Canto segundo (0:31 min.) ; Canto cuarto (0:37 min.) / Fernando Cely ; No es verdad (0:46 min.) ; Sin embargo (0:40 min.) ; Primavera eterna (0:56 min.) ; C&#xF3;mo pintar el mapa de mi patria (0:52 min.) ; Mi grito (0:55 min.) ; Abran las puertas (0:46 min.) ; Manos limpias (0:48 min.) ; Nada m&#xE1;s necesito (0:46 min.) ; Morada de fuego (0:40 min.) ; Memoria (0:43 min.) ; El emperador (0:43 min.) ; Rueda de la fortuna (0:35 min.) ; El sol (0:28 min.) ; Juanita la loca (1:03 min.) / Guillermo Quijano ; (Introducci&#xF3;n a su lectura) (0:37 min.) ; Profanaciones (0:28 min.) ; Creo en caminantes ... (0:48 min.) ; Cuando despierto ... (0:58 min.) ; Parca necesidad ... (0:41 min.) ; Blactaci&#xF3;n (0:15 min.) ; Adolescencia (0:31 min.) ; Bajo el &#xE1;rbol (0:34 min.) ; Mi tiempo naugrafa (0:11 min.) ; Permanencia (0:17 min.) ; Del tiempo y del ocio (0:21 min.) ; La palabra (0:12 min.) ; Miakowski (0:19 min.) ; El alquimista (0:28 min.) ; Memoria de las piedras (0:21 min.) ; Extrav&#xED;o (0:46 min.) ; Fragmentaci&#xF3;n (0:30 min.) ; Transito en las ruinas (0:30 min.) / Jorge Torres ; En la b&#xFA;squeda de la ... (0:42 min.) / Carlos Alberto Troncoso ; Fuego, amor y fuego (1:13 min.) / Guillermo Quijano</subfield>
  </datafield>
  <datafield tag="650" ind1=" " ind2=" ">
    <subfield code="a"> Bogot&#xE1; (Colombia) en la literatura Interpretaci&#xF3;n oral de poes&#xED;a </subfield>
    <subfield code="x">Compact disc Poes&#xED;a colombiana</subfield>
  </datafield>
  <datafield tag="650" ind1=" " ind2=" ">
    <subfield code="a">Compact disc</subfield>
  </datafield>
  <datafield tag="700" ind1=" " ind2=" ">
    <subfield code="a">Troncoso, Carlos Alberto, </subfield>
    <subfield code="d">1962-  </subfield>
  </datafield>
  <datafield tag="700" ind1=" " ind2=" ">
    <subfield code="a">S&#xE1;nchez, Mery Yolanda, </subfield>
    <subfield code="d">1956-  </subfield>
  </datafield>
  <datafield tag="700" ind1=" " ind2=" ">
    <subfield code="a">Cely H., Fernando Alberto, </subfield>
    <subfield code="d">1957-  </subfield>
  </datafield>
  <datafield tag="700" ind1=" " ind2=" ">
    <subfield code="a">Quijano Rueda, Guillermo, </subfield>
    <subfield code="d">1953-  </subfield>
  </datafield>
  <datafield tag="700" ind1=" " ind2=" ">
    <subfield code="a">Torres Medina, Jorge, </subfield>
    <subfield code="d">1956- </subfield>
  </datafield>
  <datafield tag="942" ind1=" " ind2=" ">
    <subfield code="2">ddc</subfield>
    <subfield code="c">CDROM</subfield>
  </datafield>
  <datafield tag="999" ind1=" " ind2=" ">
    <subfield code="c">15213</subfield>
    <subfield code="d">15213</subfield>
  </datafield>
  <datafield tag="952" ind1=" " ind2=" ">
    <subfield code="0">0</subfield>
    <subfield code="1">0</subfield>
    <subfield code="2">ddc</subfield>
    <subfield code="4">0</subfield>
    <subfield code="5">1</subfield>
    <subfield code="7">0</subfield>
    <subfield code="8">MUL</subfield>
    <subfield code="a">BPMOS</subfield>
    <subfield code="b">BPMOS</subfield>
    <subfield code="d">2023-10-17</subfield>
    <subfield code="e">Dotaci&#xF3;n Biblioteca 2023</subfield>
    <subfield code="l">0</subfield>
    <subfield code="o">860.325 A73p</subfield>
    <subfield code="p">MOS503404</subfield>
    <subfield code="r">2023-10-17</subfield>
    <subfield code="t">Ej. 1</subfield>
    <subfield code="w">2023-10-17</subfield>
    <subfield code="y">CDROM</subfield>
    <subfield code="z">Tres d&#xED;as</subfield>
  </datafield>
</record>
